000 00459nam a2200157Ia 4500
008 240729s9999 xx 000 0 und d
245 0 _aMaejo International Journal of Science and Technology
260 _aThailand
260 _bMaejo University
650 _a Science (General)
650 _a Technology (General) | Science
650 _aTechnology
856 _uhttps://doaj.org/toc/28d95265f28c4cf38f865702c08bc689
942 _2ddc
942 _cDOAJEJ
999 _c74416
_d74416
945 _a1
_bMadushi Gamage
_c1
_dMadushi Gamage